Ako sa bude vyvíjať trh s rezidenčnými nehnuteľnosťami v SR?
Pohľad na slovenský realitný trh so zameraním sa na rezidenčný segment ako aj analýza procesov získavania informácií o cenách nehnuteľností. Prognózy vývoja predaja nehnuteľností v budúcnosti.
Guardado en:
| Autor principal: | |
|---|---|
| Formato: | Capítulo de libro |
| Lenguaje: | eslovaco |
| Materias: | |
| Etiquetas: |
Sin Etiquetas, Sea el primero en etiquetar este registro!
|
MARC
| LEADER | 00000naa a2200000 4500 | ||
|---|---|---|---|
| 001 | 0141576 | ||
| 005 | 20231006073142.1 | ||
| 041 | 0 | |a slo | |
| 044 | |a SK | ||
| 245 | 1 | 0 | |a Ako sa bude vyvíjať trh s rezidenčnými nehnuteľnosťami v SR? |c Peter Kardoš |
| 520 | |a Pohľad na slovenský realitný trh so zameraním sa na rezidenčný segment ako aj analýza procesov získavania informácií o cenách nehnuteľností. Prognózy vývoja predaja nehnuteľností v budúcnosti. | ||
| 610 | 2 | 0 | |a Slovensko |
| 610 | 2 | 0 | |a nehnuteľnosti |
| 610 | 2 | 0 | |a cena nehnuteľností |
| 610 | 2 | 0 | |a obchod s nehnuteľnosťami |
| 610 | 2 | 0 | |a kancelárie realitné |
| 610 | 2 | 0 | |a projekty stavebné |
| 610 | 2 | 0 | |a úver hypotekárny |
| 610 | 2 | 0 | |a ukazovatele demografické |
| 100 | 1 | |a Kardoš, Peter | |